| 000 | 00510nam a2200169 i 4500 | ||
|---|---|---|---|
| 001 | 72989 | ||
| 003 | ES-MaACL | ||
| 005 | 20240714063059.0 | ||
| 007 | t| | ||
| 008 | 040906s1953 sp ||||1| spa d | ||
| 100 | 1 |
_aGómez de Aranda, Luis, _d1916-2004 _957881 |
|
| 245 | 1 | 3 |
_aLa seguridad social en el campo / _cLuis Gómez de Aranda y Serrano. |
| 260 |
_aMadrid : _b[s.n., _c1953] ( _fEscelicer) |
||
| 300 |
_a83 p. ; _c17 cm. |
||
| 852 |
_aES-MaACL _j1955-F-10 _bR.35670 |
||
| 999 |
_c72989 _d72989 |
||